Vista normal
Vista MARC
Entrada Personal Name
Número de registros utilizados en: 1
001 - CONTROL NUMBER
- control field: 5963
003 - CONTROL NUMBER IDENTIFIER
- control field: OSt
005 - DATE AND TIME OF LATEST TRANSACTION
- control field: 20210920180017.0
008 - FIXED-LENGTH DATA ELEMENTS
- fixed length control field: 860211i| anannbabn |a ana
040 ## - CATALOGING SOURCE
- Original cataloging agency: Co-BoUCM
100 ## - HEADING--PERSONAL NAME
- Personal name: Frost, Elsa Cecilia
670 ## - SOURCE DATA FOUND
- Source citation: Las palabras y las cosas , 1998
- Information found: t.p. (Michael Foucault ; traducción de Elsa Cecilia Frost)